Posesiones españolas en África. - Estadísticas

Estadísticas generales
  • Esta prueba ha sido intentada 70 veces
  • La puntuación promedio es 4 de 8
Estadísticas de respuestas
Número Nombre % Correcto
2 Ceuta
98%
3 Melilla
98%
1 Islas Canarias
66%
4 Isla del Perejil
64%
7 Islas Chafarinas
33%
6 Peñón de Alhucemas
30%
5 Peñón de Vélez de la Gomera
30%
8 Isla de Alborán
26%
No se encontraron pruebas coincidentes
Distribución de puntuación
Porcentaje de gente con cada puntuación
Porcentaje por número respondido
Historial de tus puntuaciones
No has intentado esta prueba.